¿ A dónde va el dinero de los migrantes?: uso y destino de las remesas monetarias /
Zapisane w:
| 1. autor: | |
|---|---|
| Kolejni autorzy: | |
| Format: | Texto |
| Hasła przedmiotowe: | |
| Etykiety: |
Dodaj etykietę
Nie ma etykietki, Dołącz pierwszą etykiete!
|
MARC
| LEADER | 00000 a a2200000 04500 | ||
|---|---|---|---|
| 001 | 9774 | ||
| 003 | |||
| 040 | |||
| 100 | |a González Becerril, J. Gabino | ||
| 245 | |a ¿ A dónde va el dinero de los migrantes?: |b uso y destino de las remesas monetarias / |c J. Gabino González Becerril ; Jaciel Montoya Arce | ||
| 650 | |a REMESAS | ||
| 650 | |a CONSECUENCIAS ECONOMICAS | ||
| 650 | |a NECESIDADES BASICAS | ||
| 700 | |a Montoya Arce, Jaciel | ||
| 773 | |g número 2; páginas 12-15 | ||
| 999 | |c 33505 |d 33505 | ||
